• 首页
  • 本馆介绍
  • 公告通知
  • 最新文献
  • 馆藏检索
  • 电子资源
  • 读者导购
  • 参考咨询
  • 我的图书馆
  • 登录
  • 详细信息显示
  • 放入我的书架
  • 预约/预借图书
  • 作者相关作品
  • 分类相关作品
  • 丛书相关作品
  • 出版社相关作品

书目信息

  • 表格格式
  • 工作单格式
  • 卡片格式
题名:
中国动物志
    
 
作者: 林光宇 编著
分册:   软体动物门,腹足纲,后鳃亚纲,头楯目
出版信息: 北京   科学出版社  1997.11
页数: 246页
开本: 26cm
丛书名:
单 册:
中图分类: Q958.2
科图分类:
主题词: 动物生态学 , 动物地理学
电子资源:
ISBN: 7-03-005635-3
000 00712nam0 2200217 45
001 0103150943
005 20040923091452.8
010    @a7-03-005635-3@b精装@dCNY44.00
100    @a20010315d1997 km y0chiy0120 ea
101 0  @achi
105    @a z 000yy
200 1  @a中国动物志@i软体动物门,腹足纲,后鳃亚纲,头楯目@AZhong Guo Dong Wu Zhi@f林光宇编著@FLin Guang Yu Bian Zhu
210    @a北京@c科学出版社@d1997.11
215    @a246页@d26cm
517    @a软体动物门,腹足纲,后鳃亚纲,头楯目@ARuan Ti Dong Wu Men,Fu Zu Gang,Hou Sai Ya Gang,Tou 楯 Mu
606 0  @a动物生态学
606 0  @a动物地理学
690    @aQ958.2@v3
701  0 @a林光宇@4编著
801    @aCN@bTSTC@c20010315
905    @dQ958.2@e11:1(3)@f1@b295618
    
    中国动物志.软体动物门,腹足纲,后鳃亚纲,头楯目/林光宇编著.-北京:科学出版社,1997.11
    246页;26cm
    
    
    ISBN 7-03-005635-3(精装):CNY44.00
    
●
相关链接 在E读中查询图书 在五车中查询图书 在当当中查询图书 在豆瓣中查询图书


正题名:中国动物志     索取号:Q958.2/11:1(3)         预约/预借

序号 登录号 条形码 馆藏地/架位号 状态 备注
1 0280291   002802916   第二样本阅览室/ [索取号:Q958.2/11:1(3)] 在馆    
2 0295618   002956180   工具书阅览室/ [索取号:Q958.2/11:1(3)] 在馆    
唐山师范学院图书馆 欢迎您!
大连网信软件有限公司© 版权所有